Laboratórium pre výskum v oblasti bezdrôtových lokálnych sieti

Saved in:
Bibliographic Details
Main Author: Malina, Patrik (Author)
Other Authors: Bencel, Rastislav (Thesis advisor)
Format: Manuscript Book
Language:Slovak
Published: 2025
Subjects:
Online Access:http://is.stuba.sk/zp/portal_zp.pl?podrobnosti=183598
Tags: Add Tag
No Tags, Be the first to tag this record!

MARC

LEADER 00000ntm a22000003a 4500
001 stuzp105838
003 SK-STU
005 20250607211804.9
007 ta
008 150427s2015----xo-----f-mn---000-0-slo-d
040 |a STU  |b slo 
041 0 |a slo 
100 1 |a Malina, Patrik  |u 070400  |k Z4  |4 aut  |U FIIT Fakulta informatiky a informačných technológií  |T FIIT Ústav počítačového inžinierstva a aplikovanej informatiky  |X 112105  |U I400  |Y 672  |7 112105 
242 0 1 |a Wireless Local Area Network Research Laboratory  |y eng 
245 1 0 |a Laboratórium pre výskum v oblasti bezdrôtových lokálnych sieti 
260 |c 2025 
650 4 |a OpenWISP  |2 eng 
650 4 |a Wi-Fi lab  |2 eng 
650 4 |a OpenWRT  |2 eng 
650 4 |a Wi-Fi lab  |2 slo 
650 4 |a OpenWRT  |2 slo 
650 4 |a OpenWISP  |2 slo 
700 1 |a Bencel, Rastislav  |u 070400  |k Z1  |4 ths  |U FIIT Fakulta informatiky a informačných technológií  |T FIIT Ústav počítačového inžinierstva a aplikovanej informatiky  |X 64492  |U I400  |Y 672  |7 64492 
856 4 |u http://is.stuba.sk/zp/portal_zp.pl?podrobnosti=183598